[Event "Emerald City op"]
[Site "Chess.com INT"]
[Date "2020.06.20"]
[Round "?"]
[White "Jin, Derek"]
[Black "Kozower, Ethan"]
[Result "1-0"]
[WhiteElo "2152"]
[BlackElo "1863"]
[PlyCount "71"]
[EventDate "2020.06.20"]
[EventType "swiss"]
[EventRounds "5"]
[EventCountry "USA"]
[SourceTitle "EXT 2023"]
[Source "ChessBase"]
[SourceDate "2022.10.05"]
[SourceVersion "1"]
[SourceVersionDate "2022.10.05"]
[SourceQuality "1"]

1. e4 c5 2. Nf3 e6 3. d4 cxd4 4. Nxd4 a6 5. Bd3 Nf6 6. 0-0 Qc7 7. c4 d6 8. Nc3 Nbd7 9. Be2 Be7 10. Be3 0-0 11. Rc1 b6 12. Qc2 Bb7 13. Qb1 Ne5 14. h3 Rac8 15. f4 Ned7 16. g4 Nc5 17. Bf3 Qb8 18. g5 Ne8 19. h4 Nc7 20. h5 Qa8 21. b4 Nd7 22. Rc2 d5 23. cxd5 exd5 24. e5 Ne6 25. Nxe6 fxe6 26. Bg4 Rc6 27. Ne2 Rfc8 28. Rxc6 Rxc6 29. Nd4 Rc3 30. Bxe6+ Kh8 31. Bd2 Rc7 32. g6 Qe8 33. Bf7 Qb8 34. Ne6 Rc4 35. h6 gxh6 36. g7# 1-0